Switching to Renewable Power : (Record no. 612803)

MARC details
000 -LEADER
fixed length control field 00505nam a2200193 a 4500
008 - FIXED-LENGTH DATA ELEMENTS--GENERAL INFORMATION
fixed length control field 260217s2005##################000#0#eng##
020 ## - INTERNATIONAL STANDARD BOOK NUMBER
ISBN 9781844072415
082 04 - DEWEY DECIMAL CLASSIFICATION NUMBER
Classification number 333.794
Item number LAU
100 1# - MAIN ENTRY--AUTHOR NAME
Personal name Lauber, Volkmar,
245 10 - TITLE STATEMENT
Title Switching to Renewable Power :
260 ## - PUBLICATION, DISTRIBUTION, ETC. (IMPRINT)
Name of publisher Earthscan Publications,
Year of publication 2005.
300 ## - PHYSICAL DESCRIPTION
Number of Pages 296 pages
650 #0 - SUBJECT ADDED ENTRY--TOPICAL TERM
Topical Term Science.
942 ## - ADDED ENTRY ELEMENTS (KOHA)
Koha item type English Books
Holdings
Withdrawn status Lost status Damaged status Not for loan Home library Current library Shelving location Date acquired Full call number Accession Number Price effective from Koha item type
        Anna Centenary Library Anna Centenary Library 4TH FLOOR, A WING 17.02.2026 333.794 LAU 310739 17.02.2026 English Books

Find us on the map